[Event "CHN-chT (Women)"]
[Site "Qingdao"]
[Date "2024.04.05"]
[Round "4.1"]
[White "Yan, Tianqi"]
[Black "Zhai, Mo"]
[Result "1/2-1/2"]
[WhiteElo "2303"]
[BlackElo "2342"]
[PlyCount "69"]
[EventDate "2024.04.02"]
[EventType "team-swiss"]
[EventRounds "9"]
[EventCountry "CHN"]
[SourceTitle "CB16_2024"]
[SourceDate "2024.04.17"]
[SourceVersion "1"]
[SourceVersionDate "2024.04.17"]
[SourceQuality "1"]
[WhiteTeam "Hangzhou (W)"]
[BlackTeam "Hebei (W)"]
[WhiteTeamCountry "CHN"]
[BlackTeamCountry "CHN"]

1. e4 e5 2. Nf3 Nc6 3. Bb5 Nf6 4. d3 Bc5 5. c3 0-0 6. 0-0 d6 7. h3 h6 8. Nbd2 Bb6 9. Re1 Ne7 10. d4 Ng6 11. Nf1 exd4 12. cxd4 d5 13. e5 Ne4 14. Bd3 c5 15. dxc5 Bxc5 16. Be3 Bxe3 17. Rxe3 Qb6 18. Qb3 Qxb3 19. axb3 Bd7 20. Bxe4 dxe4 21. Rxe4 Bc6 22. Re3 Bxf3 23. Rxf3 Nxe5 24. Re3 Nc6 25. Nd2 Rad8 26. Nc4 Rd5 27. Rae1 b5 28. Ne5 Nd4 29. Nf3 Ne6 30. Ra1 Rc8 31. Rc3 Rxc3 32. bxc3 Rc5 33. c4 bxc4 34. bxc4 Rxc4 35. Rxa7 1/2-1/2

[Event "Wch Blitz (Women)"]
[Site "Samarkand"]
[Date "2023.12.30"]
[Round "13"]
[White "Kurbonboeva, Sarvinoz"]
[Black "Zhai, Mo"]
[Result "0-1"]
[WhiteElo "2154"]
[BlackElo "2339"]
[PlyCount "83"]
[EventDate "2023.12.29"]
[EventType "swiss (blitz)"]
[EventRounds "17"]
[EventCountry "UZB"]
[SourceTitle "CB01_2024"]
[SourceDate "2024.01.03"]
[SourceVersion "1"]
[SourceVersionDate "2024.01.03"]
[SourceQuality "1"]

1. d4 Nf6 2. Nf3 d5 3. g3 Bf5 4. Bg2 e6 5. 0-0 c6 6. c4 h6 7. Nc3 Be7 8. b3 0-0 9. Bf4 Nbd7 10. Rc1 Ne4 11. Nd2 Ba3 12. Ndxe4 Bxc1 13. Qxc1 dxe4 14. Nxe4 Bxe4 15. Bxe4 Nf6 16. Bb1 Qxd4 17. Rd1 Qb6 18. Be3 Qc7 19. Bxh6 Rfd8 20. Rxd8+ Rxd8 21. Qg5 Ne8 22. Bd3 Kf8 23. Qc5+ Qd6 24. Qxd6+ Nxd6 25. Be3 a6 26. Bc5 Ke8 27. Kg2 Kd7 28. Bb6 Re8 29. h4 Nc8 30. Bd4 e5 31. Bc3 g6 32. f3 Nd6 33. g4 e4 34. fxe4 Nxe4 35. Bd4 c5 36. Bb2 f5 37. gxf5 gxf5 38. Kf3 Ke6 39. Kf4 Rg8 40. Bxe4 Rg4+ 41. Kf3 Rxe4 42. Kg3 0-1

[Event "Shenzhen Nanshan (Women)"]
[Site "Shenzhen"]
[Date "2023.10.12"]
[Round "2.4"]
[White "Zhai, Mo"]
[Black "Zhu, Jiner"]
[Result "1-0"]
[WhiteElo "2328"]
[BlackElo "2493"]
[PlyCount "69"]
[EventDate "2023.10.11"]
[EventType "k.o."]
[EventRounds "3"]
[EventCountry "CHN"]
[SourceTitle "Mega2024 Update 01"]
[Source "Chessbase"]
[SourceDate "2023.11.12"]
[SourceVersion "1"]
[SourceVersionDate "2023.11.12"]
[SourceQuality "1"]

1. Nf3 d5 2. e3 Nf6 3. b3 c5 4. Bb2 e6 5. c4 Nc6 6. cxd5 exd5 7. Bb5 Bd7 8. 0-0 Bd6 9. d4 0-0 10. dxc5 Bxc5 11. Nc3 a6 12. Be2 Be6 13. Rc1 Ba7 14. Na4 Rc8 15. Nc5 Qe7 16. Nxe6 fxe6 17. Bd3 Bb8 18. Bb1 Qd6 19. Re1 e5 20. e4 d4 21. Bd3 Ne7 22. Bc4+ Kh8 23. Ng5 b5 24. Be6 Rxc1 25. Qxc1 Qb6 26. Qd2 h6 27. Ba3 Ng6 28. Bf5 hxg5 29. Bxg6 Bd6 30. Bxd6 Qxd6 31. Qxg5 d3 32. Rd1 Rd8 33. Bf7 d2 34. Qh4+ Nh7 35. Bg6 1-0

[Event "Asian Games tt (Women)"]
[Site "Hangzhou"]
[Date "2023.10.02"]
[Round "4.4"]
[White "Zhai, Mo"]
[Black "Vantika, Agrawal"]
[Result "1/2-1/2"]
[WhiteElo "2328"]
[BlackElo "2435"]
[PlyCount "93"]
[EventDate "2023.09.29"]
[EventType "team-tourn"]
[EventRounds "9"]
[EventCountry "CHN"]
[SourceTitle "EXT 2024"]
[Source "ChessBase"]
[SourceDate "2023.10.10"]
[SourceVersion "1"]
[SourceVersionDate "2023.10.10"]
[SourceQuality "1"]
[WhiteTeam "China (W)"]
[BlackTeam "India (W)"]
[WhiteTeamCountry "CHN"]
[BlackTeamCountry "IND"]

1. d4 Nf6 2. c4 g6 3. Nc3 Bg7 4. e4 d6 5. Nf3 0-0 6. Be2 e5 7. Be3 Na6 8. 0-0 Qe7 9. Bg5 exd4 10. Nd5 Qd8 11. Nxd4 c6 12. Nxf6+ Bxf6 13. Bxf6 Qxf6 14. Qd2 Nc5 15. f3 a5 16. b3 Rd8 17. Rfd1 Ne6 18. Rac1 Qe5 19. Bf1 Nxd4 20. Qxd4 Be6 21. a4 Qxd4+ 22. Rxd4 Kf8 23. Kf2 Ke7 24. h4 h6 25. f4 f6 26. Be2 g5 27. f5 Bf7 28. Rh1 Rh8 29. Rd3 Rag8 30. g4 gxh4 31. Rxh4 Rg7 32. Ke3 c5 33. Kf4 Rgh7 34. Rh1 Rd8 35. Rdh3 Rdh8 36. Ke3 Be8 37. Bd3 Rg7 38. Kf4 Rgh7 39. Kg3 Bc6 40. R1h2 Kf7 41. Bc2 b6 42. Kf4 Ke7 43. Rd2 Rg7 44. Rdh2 Rgh7 45. Rd2 Rg7 46. Rdh2 Rgh7 47. Rd2 1/2-1/2

[Event "CHN-ch (Women)"]
[Site "Xinghua"]
[Date "2023.05.16"]
[Round "11"]
[White "Lu, Miaoyi"]
[Black "Zhai, Mo"]
[Result "0-1"]
[WhiteElo "2229"]
[BlackElo "2354"]
[PlyCount "92"]
[EventDate "2023.05.06"]
[EventType "tourn"]
[EventRounds "11"]
[EventCountry "CHN"]
[SourceTitle "CBM 215 Extra"]
[Source "ChessBase"]
[SourceDate "2023.09.30"]
[SourceVersion "1"]
[SourceVersionDate "2023.09.30"]
[SourceQuality "1"]

1. e4 e5 2. Nf3 Nc6 3. Bc4 Bc5 4. c3 Nf6 5. d4 exd4 6. e5 d5 7. Bb5 Ne4 8. cxd4 Bb6 9. Nc3 0-0 10. Be3 Bg4 11. h3 Bh5 12. Rc1 Nxc3 13. bxc3 f6 14. exf6 Qxf6 15. Be2 Bxf3 16. Bxf3 Ne7 17. Rc2 c6 18. Bg4 Bc7 19. Re2 Qd6 20. g3 Qg6 21. Bc1 Nf5 22. Ba3 Rf6 23. Qb1 h5 24. Qxb7 Rb8 25. Qxc7 Rb1+ 26. Kd2 Rxh1 27. Qc8+ Kh7 28. Re8 Qxe8 29. Qxe8 hxg4 30. Qe2 gxh3 31. Qf3 Rh2 32. Ke1 Nh6 33. Qd3+ Kg8 34. Qe3 Rh1+ 35. Ke2 h2 36. Qe8+ Kh7 37. Qh5 Ra1 38. Qxh2 Rxa2+ 39. Ke3 Rxa3 40. g4 Rxc3+ 41. Kd2 Ra3 42. Kc1 Ra2 43. g5 Rfxf2 44. g6+ Kxg6 45. Qg3+ Kh7 46. Qd3+ Kg8 0-1